Countries you can fly to from Toronto Pearson airport (YYZ) - Statistics

General Stats
  • This quiz has been taken 32 times
  • The average score is 55 of 62
Answers on the Map
Answers color-coded by a green-red scale on the quiz's map according to % correct below.
 
Answer Stats
Number of destinations Country % Correct
3 Bahamas
100%
1 Belgium
100%
2 Brazil
100%
31 Canada
100%
1 Denmark
100%
3 France
100%
3 Germany
100%
1 Iceland
100%
1 Ireland
100%
3 Italy
100%
2 Jamaica
100%
13 Mexico
100%
5 Netherlands
100%
2 Panama
100%
5 Portugal
100%
2 Spain
100%
1 Sweden
100%
9 United Kingdom
100%
46 United States
100%
4 China
96%
3 Colombia
96%
5 Cuba
96%
3 Dominican Republic
96%
1 Greece
96%
1 India
96%
3 Japan
96%
1 Morocco
96%
1 Poland
96%
1 South Korea
96%
1 Austria
93%
1 Chile
93%
2 Costa Rica
93%
1 Finland
93%
1 Peru
93%
1 Turkey
93%
1 Switzerland
89%
2 United Arab Emirates
89%
1 Croatia
86%
1 Ecuador
86%
1 Philippines
86%
1 Qatar
86%
1 Barbados
82%
1 Belize
82%
1 Egypt
82%
1 Saint Vincent and the Grenadines
82%
1 Saudi Arabia
82%
1 El Salvador
79%
1 Saint Lucia
79%
1 Serbia
79%
1 Taiwan
79%
1 Czechia
75%
1 Grenada
75%
1 Hungary
75%
1 Saint Kitts and Nevis
75%
1 Trinidad an Tobago
75%
1 Guyana
71%
1 Honduras
71%
1 Israel
71%
1 Antigua and Barbuda
68%
3 Pakistan
68%
1 Ethiopia
64%
1 Albania
57%
No matching quizzes found
Score Distribution
Percent of People with Each Score
Percentile by Number Answered
Your Score History
You have not taken this quiz